000 01164cam a22003013a 4500
001 13960158
003 OSt
005 20211101104452.0
008 050510s2005 paua 000 0 eng d
010 _a 2005927223
020 _a0768012570
035 _a(OCoLC)ocm63681071
038 _aKhadija
040 _aPVA
_cPVA
_dDLC
050 0 0 _aMLCM 2006/40839 (T)
082 _a621.436
_bDIN
100 1 _aDingle, Philip J. G.
_983583
245 0 0 _aDiesel common rail and advanced fuel injection systems /
_cPhilip J. G. Dingle, Ming-Chia D. Lai.
260 _aWarrendale, PA :
_bSociety of Automotive Engineers, Inc.,
_cc2005.
300 _a137 p. :
_bill. ;
_c28 cm.
504 _aIncludes bibliographical references:p. 127-135.
563 _aPB
650 0 _aDiesel motor
_xFuel systems.
_955956
700 1 _aLai, Ming-Chia
_983584
906 _a7
_bcbc
_ccopycat
_d2
_encip
_f20
_gy-gencatlg
942 _2ddc
_cBK
999 _c33152
_d33152